00450cam a2200169ua 45000010005000000080039000050200018000440400009000620820013000711000029000842450056001132500009001692600038001783000016002166530019002326530029002513256111013n ii |||gr||||Z||||||asm a81-86827-49-8 cMAIN a891.45131 aPujari, Anuradha Sarmah,11aEajon ishwaror sandhanatcby Anuradha Sarmah Pujari a5th. aGuahati:bJyoti Prakashan,c2003. a38p:c23cm. aAssamese novel aEajon ishwaror sandhanat